Statistics for Athletes by Letter - K

Click here to take the quiz!

General Stats

  • This quiz has been taken 41 times
  • The average score is 7 of 20

Answer Stats

SportYears ActiveCountryHintAthlete% Correct
Basketball1996-2016Lakers star with five NBA titlesKobe Bryant
74%
Basketball1969-1989L.A. Lakers great known for
his sky hook
Kareem
Abdul-Jabbar
62%
Soccer2015-Most expensive teenage soccer playerKylian Mbappe
62%
Soccer2001-2017Ricardo dos Santos Leite's nicknameKaká
59%
Basketball1985-2004All-time leading scorer for the Utah JazzKarl Malone
54%
Basketball1995-2016Celtics' "Big Ticket"Kevin Garnett
44%
Baseball1989-2010Seattle Mariner's all-time home runs leaderKen Griffey Jr.
36%
MMA2008-2020Fought and won against
Conor McGregor in 2018
Khabib
Nurmagomedov
36%
Auto Racing2001-2009,
2012-2021
Nicknamed "The Iceman"Kimi Räikkönen
36%
Soccer2004-He blackmailed Mathieu Valbuena in 2015Karim Benzema
33%
Football2019-The Cardinals drafted him in 2019Kyler Murray
33%
Figure Skating1994-20082-times Olympic gold medalistKatarina Witt
31%
Soccer2011-World's most expensive goalkeeperKepa Arrizabalaga
28%
Tennis2007-2009,
2012-2020
First Belgian No. 1 tennis playerKim Clijsters
26%
Boxing1967-1981Broke Muhammad Ali's jaw in 1973Ken Norton
23%
Surfing1989-Greatest surfer of all-timeKelly Slater
21%
Figure Skating1991-1992Won Olympic gold in 1992Kristi Yamaguchi
21%
Pro Wrestling1992-2018Mayor of Knox County, KentuckyKane
18%
Baseball1984-1995Twins player who retired in 1995 with a
.318 career batting average
Kirby Puckett
18%
Cricket1978-1994First Indian captain to win the World CupKapil Dev
15%

Score Distribution

Percentile by Number Answered

Percent of People with Each Score

Your Score History

You have not taken this quiz